Sahafati ikhlaqiat (Record no. 235010)
[ view plain ]
| 000 -LEADER | |
|---|---|
| fixed length control field | 00389 a2200169 4500 |
| 003 - CONTROL NUMBER IDENTIFIER | |
| control field | Nust |
| 005 - DATE AND TIME OF LATEST TRANSACTION | |
| control field | 20170405105306.0 |
| 008 - FIXED-LENGTH DATA ELEMENTS--GENERAL INFORMATION | |
| fixed length control field | 170404b xxu||||| |||| 00| 0 eng d |
| 040 ## - CATALOGING SOURCE | |
| Transcribing agency | ASAB |
| 082 ## - DEWEY DECIMAL CLASSIFICATION NUMBER | |
| Classification number | 174.9097 |
| 245 ## - TITLE STATEMENT | |
| Title | Sahafati ikhlaqiat |
| Statement of responsibility, etc. | Dr Ahsan Akhtar Naz |
| 260 ## - PUBLICATION, DISTRIBUTION, ETC. | |
| Place of publication, distribution, etc. | Lahore |
| Name of publisher, distributor, etc. | Azeem Academy |
| 300 ## - PHYSICAL DESCRIPTION | |
| Extent | 226:p |
| 538 ## - SYSTEM DETAILS NOTE | |
| System details note | Almirah No.66, Shelf No.1 |
| 650 ## - SUBJECT ADDED ENTRY--TOPICAL TERM | |
| Topical term or geographic name entry element | Journalism |
| 942 ## - ADDED ENTRY ELEMENTS (KOHA) | |
| Source of classification or shelving scheme | |
| Koha item type | Book |
| Withdrawn status | Lost status | Source of classification or shelving scheme | Damaged status | Not for loan | Collection code | Permanent Location | Current Location | Date acquired | Total Checkouts | Full call number | Barcode | Date last seen | Price effective from | Koha item type |
|---|---|---|---|---|---|---|---|---|---|---|---|---|---|---|
| Atta-ur-Rahman School of Applied Biosciences (ASAB) | Atta-ur-Rahman School of Applied Biosciences (ASAB) | 04/04/2017 | 174.9097 ASH | ASAB424 | 04/05/2017 | 04/04/2017 | Book | |||||||
| Atta-ur-Rahman School of Applied Biosciences (ASAB) | Atta-ur-Rahman School of Applied Biosciences (ASAB) | 04/04/2017 | 174.9097 ASH | ASAB425 | 04/04/2017 | 04/04/2017 | Book |
